000 00250 a2200121 4500
020 _a0070584001
090 _c3792
_d3792
100 _aSchaum's
245 _aOperations research
250 _a2nd
300 _a456
942 _aNBS
_cBK
_k658.4034 BRO
999 _c346257
_d346257